| 000 | 00645nam a2200217 4500 | ||
|---|---|---|---|
| 003 | OSt | ||
| 005 | 20240730081548.0 | ||
| 006 | a | ||
| 008 | 240730b |||||||| |||| 00| 0 eng d | ||
| 020 | _a9780071313681 | ||
| 040 |
_aDWCL-Main lib. _cOC |
||
| 082 |
_2Sixth edition _aCirc. 540 C456g 2011 |
||
| 100 | _aOverby, Jason | ||
| 245 | _aGeneral chemistry : the essential concepts / | ||
| 250 | _aSixth edition | ||
| 260 |
_a N.Y. : _bMcGraw-Hill, _cc2011. |
||
| 300 |
_axxii, _b(various paging) : col. ill. ; _c26 cm. |
||
| 504 | _aIncludes index. | ||
| 650 | _a1. Chemistry-Texbooks. | ||
| 942 |
_2ddc _n0 _cBK-CIRC _eSixth edition _kCirc. |
||
| 999 |
_c2987 _d2987 |
||